Guess the 1960s song lyrics #21 - Statistics

General Stats
  • This quiz has been taken 18 times
  • The average score is 163 of 236
Answer Stats
Answer % Correct
a
100%
And
100%
and
100%
the
100%
to
100%
You
100%
you
100%
your
100%
can
94%
go
94%
I
94%
in
94%
on
94%
get
88%
Love
88%
love
88%
we
88%
We
88%
When
88%
are
81%
at
75%
but
75%
hear
75%
If
75%
is
75%
Just
75%
know
75%
now
75%
one
75%
that
75%
why
75%
for
69%
It's
69%
not
69%
people
69%
way
69%
will
69%
All
63%
brother
63%
Come
63%
come
63%
Everybody
63%
Or
63%
right
63%
Right
63%
there
63%
another
56%
make
56%
Smile
56%
together
56%
hand
50%
sing
50%
Try
50%
us
50%
key
44%
may
44%
said
44%
Some
44%
some
44%
song
44%
them
44%
command
38%
cry
38%
here
38%
bird
31%
die
31%
hold
31%
last
31%
mountains
31%
ring
31%
Though
31%
unlocks
31%
wing
31%
angels
25%
both
25%
left
25%
trembling
25%
Fading
19%
fear
19%
Fear's
19%
grass
19%
listen
19%
love
19%
moment's
19%
pass
19%
Returns
19%
sunlight
19%
surely
19%
understand
19%
No matching quizzes found
Score Distribution
Percent of People with Each Score
Percentile by Number Answered
Your Score History
You have not taken this quiz